Mechanics of materials (Record no. 6027)

000 -LEADER
fixed length control field 00600nam a2200229 i 4500
001 - CONTROL NUMBER
control field 6027
003 - CONTROL NUMBER IDENTIFIER
control field BD-DhUET
008 - FIXED-LENGTH DATA ELEMENTS--GENERAL INFORMATION
fixed length control field 770505s1978 nyua 001 0 eng
040 ## - CATALOGING SOURCE
Original cataloging agency DLC
Transcribing agency DLC
Modifying agency BD-DhUET
082 00 - DEWEY DECIMAL CLASSIFICATION NUMBER
Classification number 620.11
Item number HIG/1978
100 ## - MAIN ENTRY--PERSONAL NAME
Personal name Higdon, Archie
245 00 - TITLE STATEMENT
Title Mechanics of materials
250 ## - EDITION STATEMENT
Edition statement 3rd ed.
260 ## - PUBLICATION, DISTRIBUTION, ETC. (IMPRINT)
Place of publication, distribution, etc. New York
Name of publisher, distributor, etc. John Wiley and Sons
Date of publication, distribution, etc. 1978
300 ## - PHYSICAL DESCRIPTION
Extent xiv, 752 p.
Other physical details ill.
Dimensions 24 cm.
504 ## - BIBLIOGRAPHY, ETC. NOTE
Bibliography, etc Includes bibliographies
650 #0 - SUBJECT ADDED ENTRY--TOPICAL TERM
Topical term or geographic name as entry element Strength of materials
700 ## - ADDED ENTRY--PERSONAL NAME
Personal name Ohlsen, Wdward H.
700 ## - ADDED ENTRY--PERSONAL NAME
Personal name Stiles , William B.
700 ## - ADDED ENTRY--PERSONAL NAME
Personal name Weese, John A.
942 ## - ADDED ENTRY ELEMENTS (KOHA)
Koha item type General Book
Holdings
Location (home branch) Koha collection Price effective from Koha date last borrowed Source of classification or shelving scheme Lost status Piece designation (barcode) Koha date last seen Sublocation or collection (holding branch) Copy number Shelving location Koha renewals Koha issues (times borrowed) Damaged status Withdrawn status Not for loan Date acquired Koha normalized classification for sorting Koha full call number Koha item type
Central Library, BUET 2014-11-29   617312014-11-29Central Library, BUET7Circulation section     2014-11-29620_110000000000000_HIG_1978620.11/HIG/1978General Book
Central Library, BUET 2014-12-02   617252014-12-02Central Library, BUET2Circulation section     2014-12-02620_110000000000000_HIG_1978620.11/HIG/1978General Book
Central Library, BUET 2014-12-02   617332014-12-02Central Library, BUET3Circulation section     2014-12-02620_110000000000000_HIG_1978620.11/HIG/1978General Book
Central Library, BUET 2014-12-022019-02-27  617272024-02-13Central Library, BUET4Circulation section11   2014-12-02620_000000000000000_11HIG1978620.11/HIG/1978General Book
Central Library, BUET 2014-12-02   617262014-12-02Central Library, BUET5Circulation section     2014-12-02620_110000000000000_HIG_1978620.11/HIG/1978General Book
Central Library, BUET 2014-12-02   617282014-12-02Central Library, BUET6Circulation section     2014-12-02620_000000000000000_11HIG1978620.11/HIG/1978General Book
Central Library, BUET 2014-12-02   617302014-12-02Central Library, BUET1Circulation section     2014-12-02620_000000000000000_11HIG1978620.11/HIG/1978General Book
Central Library, BUET 2014-12-02   617322014-12-02Central Library, BUET8Circulation section     2014-12-02620_000000000000000_11HIG1978620.11/HIG/1978General Book
Central Library, BUET 2015-01-10   617292015-01-10Central Library, BUET9Circulation section     2015-01-10620_110000000000000_HIG_1978620.11/HIG/1978General Book
Central Library, BUETNon Fiction2015-01-28   617342015-01-28Central Library, BUET10Circulation section     2015-01-28620_110000000000000_HIG_1978620.11/HIG/1978General Book